| 000 | 00753nam a2200253Ia 4500 | ||
|---|---|---|---|
| 001 | dia_3324 | ||
| 003 | CHAP | ||
| 005 | 20230518120236.0 | ||
| 008 | 220117s1988 xx 000 0 und d | ||
| 010 | _a173796 | ||
| 040 | _cCHAP | ||
| 082 | _a621.64 V3 | ||
| 100 |
_aValle Guadarrama, Salvador _9117597 |
||
| 245 |
_aAlgunos Aspectos Relacionados con la Seleccion de Bombas / _c por Salvador Valle Guadarrama |
||
| 260 |
_aChapingo, México : _b UACh, Departamento de Industrias Agrícolas, _c1988 |
||
| 300 | _a205 P. | ||
| 500 | _aC.4, en Fotocopias | ||
| 503 | _aC/E | ||
| 650 |
_a1.Bombas _9154496 |
||
| 901 | _a621.64 V3 | ||
| 902 | _aM | ||
| 905 | _a0000001988 MX AM 0000000000SPA00 | ||
| 942 |
_cLIBRO _2ddc |
||
| 999 |
_c173796 _d173796 |
||